Fr. Conceicao Rodrigues College of Engineering

Digital control and state variable methods: conventional and intelligent control systems (Record no. 28467)

MARC details
000 -LEADER
fixed length control field 00426nam a2200169Ia 4500
082 ## - DEWEY DECIMAL CLASSIFICATION NUMBER
Classification number 629.895
Item number GOP
100 ## - MAIN ENTRY--PERSONAL NAME
Personal name Gopal/M
245 ## - TITLE STATEMENT
Title Digital control and state variable methods: conventional and intelligent control systems
260 ## - PUBLICATION, DISTRIBUTION, ETC.
Name of publisher, distributor, etc. McGraw - Hill
Date of publication, distribution, etc. 2012
366 ## - TRADE AVAILABILITY INFORMATION
Publishers's discount category 25
300 ## - PHYSICAL DESCRIPTION
Extent 909
546 ## - LANGUAGE NOTE
Language note ENGLISH
-- PAMPHALETS
650 ## - SUBJECT ADDED ENTRY--TOPICAL TERM
Topical term or geographic name entry element Digital control
654 ## - SUBJECT ADDED ENTRY--FACETED TOPICAL TERMS
Focus term digital control
942 ## - ADDED ENTRY ELEMENTS (KOHA)
Koha item type BOOK
Holdings
Withdrawn status Lost status Damaged status Not for loan Collection Home library Current library Date acquired Source of acquisition Cost, normal purchase price Inventory number Total Checkouts Full call number Barcode Date last seen Cost, replacement price Price effective from Koha item type
        CRC Fr. Agnel's C.Rodrigues College of Engineering Fr. Agnel's C.Rodrigues College of Engineering 17/03/2023 Allied Publisher 521.25 1314 dt 18.01.2016   629.895 GOP 23934 17/03/2023 695.00   BOOK